Migrácia a populačný vývoj v dokumentoch EU

Demografická problematika v politike EU pre 10-15 rokmi. Demografická problematika EU v súčasnosti - Zelená kniha. Plán migračnej politiky EU. Populačná a migračná politika v SR. Demografická budúcnosť v dokumentoch EU.

Gespeichert in:
Bibliographische Detailangaben
1. Verfasser: Pastor, Karol
Format: Buchkapitel
Sprache:Slowakisch
Schlagworte:
Tags: Tag hinzufügen
Keine Tags, Fügen Sie das erste Tag hinzu!

MARC

LEADER 00000naa$a2200000$$$4500
001 0064791
005 20220715093120.3
041 0 |a slo 
044 |a SK 
245 1 0 |a Migrácia a populačný vývoj v dokumentoch EU  |c Karol Pastor 
520 |a Demografická problematika v politike EU pre 10-15 rokmi. Demografická problematika EU v súčasnosti - Zelená kniha. Plán migračnej politiky EU. Populačná a migračná politika v SR. Demografická budúcnosť v dokumentoch EU. 
610 2 0 |a demografia 
610 2 0 |a Slovensko 
610 2 0 |a vývoj populačný 
610 2 0 |a dokumenty vládne 
610 2 0 |a politika azylová 
610 2 0 |a Európska únia 
100 1 |a Pastor, Karol